The princess and the pea / (Record no. 105812)
[ view plain ]
| 000 -LEADER | |
|---|---|
| fixed length control field | 00364nam a2200133 a 4500 |
| 005 - DATE AND TIME OF LATEST TRANSACTION | |
| control field | 20140412111415.0 |
| 008 - FIXED-LENGTH DATA ELEMENTS--GENERAL INFORMATION | |
| fixed length control field | 070710s19uu xx 00 eng d |
| 020 ## - INTERNATIONAL STANDARD BOOK NUMBER | |
| International Standard Book Number | 0-7214-1550-4 |
| 050 ## - LIBRARY OF CONGRESS CALL NUMBER | |
| Classification number | ER |
| Item number | Pr93 1993 |
| 245 ## - TITLE STATEMENT | |
| Title | The princess and the pea / |
| Statement of responsibility, etc | Robert Ayton ill. |
| 260 ## - PUBLICATION, DISTRIBUTION, ETC. (IMPRINT) | |
| Place of publication, distribution, etc | U.S.A : |
| Name of publisher, distributor, etc | Ladybird books, |
| Date of publication, distribution, etc | 1993. |
| 440 ## - SERIES STATEMENT/ADDED ENTRY--TITLE | |
| Title | Favourite tales |
| Withdrawn status | Lost status | Damaged status | Home library | Current library | Shelving location | Date acquired | Source of acquisition | Total Checkouts | Full call number | Barcode | Date last seen | Price effective from | Koha item type |
|---|---|---|---|---|---|---|---|---|---|---|---|---|---|
| Elizalde Library | Elizalde Library | Easy Reading Section | 07/10/2007 | ER Pr93 1993 | E10717 | 04/12/2014 | 04/12/2014 | Books |